ՀՀ Գիտությունների ազգային ակադեմիայի հիմնարար գիտական գրադարան  =   Fundamental Scientific Library of NAS RA

Հայկական ՍՍՀ քաղաքային գրադարանների աշխատանքների վերլուծությունը : (Record no. 131119)

MARC details
000 -LEADER
fixed length control field 01075nam a2200229 u 4500
001 - CONTROL NUMBER
control field 000344524
003 - CONTROL NUMBER IDENTIFIER
control field AM-YeHGA
005 - DATE AND TIME OF LATEST TRANSACTION
control field 20250618072141.0
008 - FIXED-LENGTH DATA ELEMENTS--GENERAL INFORMATION
fixed length control field 040617s1975 ai r 000 0 arm d
040 ## - CATALOGING SOURCE
Original cataloging agency AM-YeHGA
041 0# - LANGUAGE CODE
Language code of text/sound track or separate title arm
090 ## - LOCALLY ASSIGNED LC-TYPE CALL NUMBER (OCLC); LOCAL CALL NUMBER (RLIN)
-- 132485
245 00 - TITLE STATEMENT
Title Հայկական ՍՍՀ քաղաքային գրադարանների աշխատանքների վերլուծությունը :
Remainder of title 1974 թ. /
Statement of responsibility, etc. Կազմ.՝ Լ.Դանիելյան; Խմբ.՝ Լ.Մութաֆյան; ՀՍՍՀ Կուլտուրայի մինիստր., Ալ. Մյասնիկյանի անվ. հանրապետ. գ-րան.
260 ## - PUBLICATION, DISTRIBUTION, ETC.
Place of publication, distribution, etc. Երևան :
Name of publisher, distributor, etc. Ա. հ.,
Date of publication, distribution, etc. 1975.
300 ## - PHYSICAL DESCRIPTION
Extent 36 էջ :
Other physical details աղս. ;
Dimensions 20 սմ.
520 ## - SUMMARY, ETC.
Summary, etc. Ամփոփումը՝ էջ 34
650 14 - SUBJECT ADDED ENTRY--TOPICAL TERM
Topical term or geographic name entry element Գրադարանային գործ
9 (RLIN) 246
700 1# - ADDED ENTRY--PERSONAL NAME
Personal name Դանիելյան, Լ.
Relator term կազմ.
Relationship com
700 1# - ADDED ENTRY--PERSONAL NAME
Personal name Մութաֆյան, Լ.Լ.
Relator term խմբ.
Relationship edt
710 2# - ADDED ENTRY--CORPORATE NAME
Corporate name or jurisdiction name as entry element Կուլտուրայի մինիստրություն ՀՍՍՀ
710 2# - ADDED ENTRY--CORPORATE NAME
Corporate name or jurisdiction name as entry element Ալ. Մյասնիկյանի անվան հանրապետական գրադարան
9 (RLIN) 5225
Holdings
Withdrawn status Lost status Damaged status Not for loan Collection Home library Current library Date acquired Total checkouts Full call number Barcode Date last seen Price effective from Koha item type Public note
        General Fundamental Scientific Library Fundamental Scientific Library 22/12/2016   027 220054854 22/12/2016 22/12/2016 Գրքեր / Books 30 Days Loan
        General Fundamental Scientific Library Fundamental Scientific Library 22/12/2016   027 220054855 22/12/2016 22/12/2016 Գրքեր / Books 30 Days Loan
        General Fundamental Scientific Library Fundamental Scientific Library 22/12/2016   027 220054856 22/12/2016 22/12/2016 Գրքեր / Books 30 Days Loan
        General Fundamental Scientific Library Fundamental Scientific Library 22/12/2016   027 220054857 22/12/2016 22/12/2016 Գրքեր / Books 30 Days Loan


ՀՀ ԳԱԱ հիմնարար գիտական գրադարան
ՀՀ,Երևան 0019
Մարշալ Բաղրամյան 24/6
հեռախոս:(374-10) 52-47-50
Հետադարձ կապ

All site content, except where otherwise noted, is licensed under a
Creative Commons License